Statistics for Countries who against Crimea being Ukraine (2018)

Click here to take the quiz!

General Stats

  • This quiz has been taken 96 times
  • The average score is 16 of 26

Answer Stats

HintAnswer% Correct
16Russia
94%
15North Korea
89%
6China
88%
2Belarus
87%
11Kazakhstan
83%
22Tajikistan
80%
10Iran
78%
21Syria
78%
24Uzbekistan
78%
7Cuba
76%
12Kyrgyzstan
76%
1Armenia
70%
9India
70%
25Venezuela
70%
17Serbia
56%
14Nicaragua
51%
20Sudan
51%
26Zimbabwe
51%
8Eritrea
46%
13Myanmar
44%
19South Sudan
44%
5Cambodia
41%
3Bolivia
38%
23Uganda
35%
18South Africa
34%
4Burundi
33%

Score Distribution

Percentile by Number Answered

Percent of People with Each Score

Your Score History

You have not taken this quiz